Missing Word: Desserts Quiz Stats

Quiz Updated Feb 8, 2015

Challenge
Share
Tweet
Embed
Score 0/20 Timer 03:00
7 Plays Today
Dessert Word % Correct
Key ____ PieLime
96.7%
Pineapple ______-Down CakeUpside
95.2%
___ Velvet CakeRed
95.1%
____ Krispies SquaresRice
94.7%
__________ ShortcakeStrawberry
91.3%
_____ Forest CakeBlack
91.1%
______ AlaskaBaked
90.7%
Mississippi ___ PieMud
88.4%
Banana _____ SundaeSplit
86.9%
Tapioca _______Pudding
86.2%
Dessert Word % Correct
Molten ____ CakeLava
85.8%
______ BrittlePeanut
85.6%
Lemon _____ PieMeringue
74.9%
________ JubileeCherries
67%
_____ MelbaPeach
59.9%
_____ de LecheDulce
52.2%
Panna _____Cotta
51.4%
_____ Brown BettyApple
48.7%
Deep _____ Ice CreamFried
44.4%
Linzer _____Torte
39.5%

Today's Daily Dose

Missing Word
Jazz Songs 'C'

On This Day
January 18th

You're not logged in!

Compare scores with friends on all Sporcle quizzes.
Sign Up with Email
OR
Log In

You Might Also Like...

Show Comments

Extras

Top Quizzes Today


Score Distribution

Your Account Isn't Verified!

In order to create a playlist on Sporcle, you need to verify the email address you used during registration. Go to your Sporcle Settings to finish the process.